000 00632nam a2200241 a 4500
001 0001-1176
003 ELIB.Books
008 150507 2010 eng
020 _a0883449633
035 _a(ELIB.Books)0001-1331
092 _a230.082
_bKin
100 _aKing, Ursula.
245 _aFeminist Theology from the Third World
_bA Reader
260 _aMaryknoll
_bSPCK/ Orbis Press
_c1994
300 _a434
_c21.5 Cm
500 _aC/o Moe Lwei
650 _aFeminist Theology
856 _nKBTS: Library
_uKBTS: Elib
942 _2ddc
_cBK
990 _a1
998 _cbat
_e2015-05-07
999 _c11176
_d11176